[Event "Satka Autumn op (Women)"]
[Site "Satka"]
[Date "2022.08.30"]
[Round "1"]
[White "Idrisova, Roza"]
[Black "Kanter, Elizaveta"]
[Result "1-0"]
[WhiteElo "1903"]
[BlackElo "1332"]
[PlyCount "99"]
[EventDate "2022.08.30"]
[EventType "swiss"]
[EventRounds "9"]
[EventCountry "RUS"]
[SourceTitle "CBM 210 Extra"]
[Source "ChessBase"]
[SourceDate "2022.11.30"]
[SourceVersion "1"]
[SourceVersionDate "2022.11.30"]
[SourceQuality "1"]

1. d4 d5 2. c4 e5 3. dxe5 d4 4. a3 Nc6 5. Nf3 Bg4 6. Nbd2 Nge7 7. h3 Bh5 8. Nb3 Bxf3 9. exf3 Ng6 10. f4 a5 11. Bd2 Be7 12. Bd3 0-0 13. 0-0 Qd7 14. Qg4 Qxg4 15. hxg4 a4 16. Nc1 Rfd8 17. g3 Ra6 18. Be4 Rb6 19. Nd3 Rb3 20. Rfd1 Bf8 21. Rac1 Re8 22. Be1 Kh8 23. Bd5 f6 24. exf6 gxf6 25. c5 Rxe1+ 26. Nxe1 Rxb2 27. Bxc6 bxc6 28. Rxd4 Rb3 29. Rxa4 Rb5 30. Nd3 Ne7 31. Nb4 Nd5 32. Ra8 Kg7 33. Nxd5 cxd5 34. Rc8 Rb7 35. Rd1 Bxc5 36. Rxd5 Bxa3 37. Rd7+ Kh6 38. Rcxc7 Rxc7 39. Rxc7 Bd6 40. Rc6 Be7 41. Kg2 Kg6 42. g5 h6 43. gxf6 Bxf6 44. Kf3 Kf5 45. g4+ Kg6 46. Ke4 Kf7 47. Kf5 Be7 48. f3 Kg7 49. g5 h5 50. Rh6 1-0

[Event "Satka Autumn op (Women)"]
[Site "Satka"]
[Date "2021.09.05"]
[Round "6"]
[White "Kanter, Elizaveta"]
[Black "Vanishvili, Mari"]
[Result "0-1"]
[WhiteElo "1227"]
[BlackElo "1903"]
[PlyCount "106"]
[EventDate "2021.08.31"]
[EventType "swiss"]
[EventRounds "9"]
[EventCountry "RUS"]
[SourceTitle "CBM 204 Extra"]
[Source "ChessBase"]
[SourceDate "2021.11.30"]
[SourceVersion "1"]
[SourceVersionDate "2021.11.30"]
[SourceQuality "1"]

1. d4 Nf6 2. Nf3 g6 3. g3 Bg7 4. Bg2 0-0 5. 0-0 d5 6. c4 c6 7. Ne5 Be6 8. Qd3 Nbd7 9. Nc3 Bf5 10. Qf3 dxc4 11. Nxc4 Be6 12. Qd3 Nd5 13. Nxd5 Bxd5 14. Bxd5 cxd5 15. Ne3 e6 16. Bd2 h5 17. Rac1 Qb6 18. Bc3 Nf6 19. Rc2 Rfc8 20. Rfc1 Rc6 21. Nf1 Ne4 22. e3 Rac8 23. Nd2 Nd6 24. Nb3 Nc4 25. Nc5 Qc7 26. h4 a5 27. a4 b6 28. Nb3 Nxb2 29. Rxb2 Rxc3 30. Rxc3 Qxc3 31. Qxc3 Rxc3 32. Nd2 Rc6 33. Kf1 Bf8 34. Ke2 Bb4 35. Nf3 f6 36. Ne1 Kf7 37. Nd3 Bd6 38. Kd2 Ke7 39. Nf4 Kf7 40. Nd3 g5 41. Rb1 gxh4 42. gxh4 Kg6 43. f3 Kf5 44. Ne1 Bb4+ 45. Ke2 Bd6 46. Kd3 Bc7 47. Kd2 Rc4 48. Ra1 Bg3 49. Ng2 Rb4 50. Kc3 e5 51. e4+ dxe4 52. Ne3+ Kg6 53. dxe5 Bxe5+ 0-1

[Event "Satka Autumn op (Women)"]
[Site "Satka"]
[Date "2019.09.25"]
[Round "7"]
[White "Dubovikova, Rada"]
[Black "Kanter, Elizaveta"]
[Result "0-1"]
[WhiteElo "1096"]
[BlackElo "1291"]
[PlyCount "72"]
[EventDate "2019.09.19"]
[EventType "swiss"]
[EventRounds "9"]
[EventCountry "RUS"]
[SourceTitle "EXT 2020"]
[Source "ChessBase"]
[SourceDate "2019.10.17"]
[SourceVersion "1"]
[SourceVersionDate "2019.10.17"]
[SourceQuality "1"]

1. e4 c5 2. Nf3 d6 3. d4 cxd4 4. Nxd4 Nf6 5. Nc3 a6 6. Bd3 e5 7. Nf3 Be7 8. 0-0 0-0 9. Bg5 Nbd7 10. Bxf6 Nxf6 11. Nd5 Nxd5 12. exd5 f5 13. Bc4 Kh8 14. a4 f4 15. Re1 g5 16. Nd2 g4 17. f3 Qb6+ 18. Kh1 Bh4 19. Re2 Bf5 20. Bb3 Rg8 21. Nc4 Qd8 22. Qf1 gxf3 23. gxf3 Qf6 24. c3 Bd3 25. Nb6 Bxe2 26. Qxe2 Rae8 27. Nd7 Qg7 28. Nb6 Qh6 29. c4 Qh5 30. a5 e4 31. Rf1 exf3 32. Qd2 Qg4 33. Qd4+ Rg7 34. Qg1 Qxg1+ 35. Rxg1 Rxg1+ 36. Kxg1 Re1# 0-1

[Event "EU-ch U10 Girls 28th"]
[Site "Riga"]
[Date "2018.08.22"]
[Round "3"]
[White "Kanter, Elizaveta"]
[Black "Peglau, Charis"]
[Result "0-1"]
[WhiteElo "1182"]
[BlackElo "1478"]
[PlyCount "64"]
[EventDate "2018.08.20"]
[EventType "swiss"]
[EventRounds "9"]
[EventCountry "LAT"]
[SourceTitle "CBM 186 Extra"]
[Source "ChessBase"]
[SourceDate "2018.08.24"]
[SourceVersion "1"]
[SourceVersionDate "2018.08.24"]
[SourceQuality "1"]

1. d4 d5 2. Nf3 Nf6 3. c4 e6 4. g3 c5 5. Bg2 Nc6 6. cxd5 Nxd5 7. Bg5 f6 8. Bc1 cxd4 9. 0-0 e5 10. Qb3 Nb6 11. Rd1 Qe7 12. e3 dxe3 13. Bxe3 Qb4 14. Bxb6 axb6 15. Qc2 Qc5 16. Qb3 Be7 17. Nc3 Bg4 18. Nd5 Nd4 19. Nxd4 Bxd1 20. Qxd1 exd4 21. Rc1 Qd6 22. Nc7+ Kf7 23. Qb3+ Kg6 24. Nxa8 Rxa8 25. Bxb7 Ra7 26. Be4+ Kh6 27. Rc8 Qe5 28. f3 Bc5 29. Qg8 f5 30. Rc6+ g6 31. Re6 d3+ 32. Kh1 Qd4 0-1